Catholic University of Zimbabwe Library
Online Public Access Catalogue
(OPAC)

Gifted education (Record no. 30837)

MARC details
000 -LEADER
fixed length control field 03059nam a2200469Ia 4500
001 - CONTROL NUMBER
control field bslw09251867
003 - CONTROL NUMBER IDENTIFIER
control field UtOrBLW
005 - DATE AND TIME OF LATEST TRANSACTION
control field 20210303085116.0
006 - FIXED-LENGTH DATA ELEMENTS--ADDITIONAL MATERIAL CHARACTERISTICS
fixed length control field m o d
007 - PHYSICAL DESCRIPTION FIXED FIELD--GENERAL INFORMATION
fixed length control field cr un|||||||||
008 - FIXED-LENGTH DATA ELEMENTS--GENERAL INFORMATION
fixed length control field 140710s2014 enka o 000 0 eng d
020 ## - INTERNATIONAL STANDARD BOOK NUMBER
International Standard Book Number 9781783507429 (electronic bk.) :
Terms of availability £72.95 ; É97.95 ; $124.95
040 ## - CATALOGING SOURCE
Original cataloging agency UtOrBLW
050 #4 - LIBRARY OF CONGRESS CALL NUMBER
Classification number LC3965
Item number .G54 2014
072 #7 - SUBJECT CATEGORY CODE
Subject category code JNSP
Source bicssc
072 #7 - SUBJECT CATEGORY CODE
Subject category code JNS
Source bicssc
072 #7 - SUBJECT CATEGORY CODE
Subject category code JN
Source bicssc
072 #7 - SUBJECT CATEGORY CODE
Subject category code EDU026060
Source bisacsh
072 #7 - SUBJECT CATEGORY CODE
Subject category code EDU000000
Source bisacsh
080 ## - UNIVERSAL DECIMAL CLASSIFICATION NUMBER
Universal Decimal Classification number 376
082 04 - DEWEY DECIMAL CLASSIFICATION NUMBER
Classification number 371.9
Edition number 23
245 00 - TITLE STATEMENT
Title Gifted education
Medium [electronic resource] :
Remainder of title current perspectives and issues /
Statement of responsibility, etc. edited by Jeffrey P. Bakken, Festus E. Obiakor, Anthony F. Rotatori.
260 ## - PUBLICATION, DISTRIBUTION, ETC.
Place of publication, distribution, etc. Bingley, U.K. :
Name of publisher, distributor, etc. Emerald,
Date of publication, distribution, etc. 2014.
300 ## - PHYSICAL DESCRIPTION
Extent 1 online resource (x, 237 p.) :
Other physical details ill.
490 1# - SERIES STATEMENT
Series statement Advances in special education,
International Standard Serial Number 0270-4013 ;
Volume/sequential designation v. 26
505 0# - FORMATTED CONTENTS NOTE
Formatted contents note Legal issues in gifted education / Jaime A. Castellano, Michael S. Matthews -- Assessment of individuals who are gifted and talented / Frederick J. Brigham, Jeffrey P. Bakken -- Placement of students who are gifted / Elissa F. Brown, Tamra L. Stambaugh -- Giftedness as it relates to culturally and linguistically diverse students / Sunday O. Obi ... [et al.] -- Under-representation of African American and Hispanic students in gifted education : impact of social inequality, elitism, and colorblindness / Donna Y. Ford -- Inclusion and giftedness / Christina Borders, Stephanie Woodley, Elizabeth Moore -- Multicultural differentiated instruction for gifted students / Michelle Trotman Scott -- Effective practices and the development of talents in schools and classrooms / Ann Robinson, Debbie Dailey -- Technology and giftedness / Emily C. Bouck, Megan Hunley -- Recruiting and retaining gifted black students in STEM majors : implications for college counselors / Malik S. Henfield, Janice A. Byrd -- Families and gifted learners : developing talent and advocating for their own / Joy Lawson Davis.
520 ## - SUMMARY, ETC.
Summary, etc. This volume addresses the most current perspectives and issues related to giftedness and is written by leaders in the field. An excellent resource for special educators, administrators, mental health clinicians, school counselors, and psychologists, this volume addresses the different educational issues that impact this population.
588 0# - SOURCE OF DESCRIPTION NOTE
Source of description note Print version record
650 #7 - SUBJECT ADDED ENTRY--TOPICAL TERM
Topical term or geographic name entry element Education
General subdivision Special Education
-- Gifted.
Source of heading or term bisacsh
650 #7 - SUBJECT ADDED ENTRY--TOPICAL TERM
Topical term or geographic name entry element Education
General subdivision General.
Source of heading or term bisacsh
650 #7 - SUBJECT ADDED ENTRY--TOPICAL TERM
Topical term or geographic name entry element Teaching of gifted students.
Source of heading or term bicssc
650 #7 - SUBJECT ADDED ENTRY--TOPICAL TERM
Topical term or geographic name entry element Teaching of specific groups & persons with special educational needs.
Source of heading or term bicssc
650 #7 - SUBJECT ADDED ENTRY--TOPICAL TERM
Topical term or geographic name entry element Education.
Source of heading or term bicssc
650 #0 - SUBJECT ADDED ENTRY--TOPICAL TERM
Topical term or geographic name entry element Special education.
650 #0 - SUBJECT ADDED ENTRY--TOPICAL TERM
Topical term or geographic name entry element Gifted children.
700 1# - ADDED ENTRY--PERSONAL NAME
Personal name Bakken, Jeffrey P.
700 1# - ADDED ENTRY--PERSONAL NAME
Personal name Obiakor, Festus E.
700 1# - ADDED ENTRY--PERSONAL NAME
Personal name Rotatori, Anthony F.
776 1# - ADDITIONAL PHYSICAL FORM ENTRY
International Standard Book Number 9781783507412
830 #0 - SERIES ADDED ENTRY--UNIFORM TITLE
Uniform title Advances in special education ;
Volume/sequential designation v. 26.
856 40 - ELECTRONIC LOCATION AND ACCESS
Uniform Resource Identifier <a href="https://www.emerald.com/insight/publication/doi/10.1108/S0270-4013(2014)26">https://www.emerald.com/insight/publication/doi/10.1108/S0270-4013(2014)26</a>
Holdings
Withdrawn status Lost status Source of classification or shelving scheme Damaged status Not for loan Home library Current library Shelving location Date acquired Total Checkouts Full call number Date last seen Uniform Resource Identifier Price effective from Koha item type
          Digital Library Digital Library Online Access 03.03.2021   LC3965 .G54 2014 03.03.2021 https://www.emerald.com/insight/publication/doi/10.1108/S0270-4013(2014)26 03.03.2021 eBook

OPENING HOURS

Weekdays: 0815hrs - 1800hrs
Weekends:0900hrs - 1200hrs

Closed for Mass:

Mon, Thur: 1200hrs - 1300hrs
Sunday & Public Holiday’s

CALL SUPPORT

0242-570570, 0242-570169
09200664, +263 8644140602

LOCATION

18443, Cranborne Avenue, Hatfield, Harare

Other Links


©2021 | CUZ Library